| 000 | 00648cam a22002411 4500 | ||
|---|---|---|---|
| 001 | sa 63000479 | ||
| 003 | DLC | ||
| 005 | 20260227111921.0 | ||
| 008 | 920902s1961 pk b 000 0 eng | ||
| 010 | _asa 63000479 | ||
| 025 | _aPL480:P-E-127 | ||
| 035 | _a(OCoLC)26520132 | ||
| 040 |
_aDLC _cTxU _dTxU _dDLC |
||
| 042 | _apremarc | ||
| 050 | 0 | 0 |
_aPE1128.A2 _bH3 1961 |
| 100 | 1 | _aHaq, Abdul. | |
| 245 | 1 | 4 | _aThe teaching of English in Pakistan. |
| 250 | _a2d ed. | ||
| 260 |
_aLahore, _bM.R. Bros., _c1961. |
||
| 300 |
_a334 p. _c19 cm. |
||
| 504 | _aBibliography: p. 333-334. | ||
| 650 | 0 |
_aEnglish language _xStudy and teaching _zPakistan. |
|
| 999 |
_c53504 _d53504 |
||